Glen Campbell- Galveston Lyrics - Statistics

General Stats
  • This quiz has been taken 21 times
  • The average score is 92 of 108
Answer Stats
Answer % Correct
crashing
100%
Galveston
100%
hear
100%
I
100%
oh
100%
waves
100%
your
100%
Your
100%
am
90%
And
90%
for
90%
lookin'
90%
of
90%
On
90%
sea
90%
see
90%
She
90%
she
90%
still
90%
the
90%
there
90%
to
90%
water
90%
When
90%
where
90%
beach
80%
blowin'
80%
crying
80%
eyes
80%
her
80%
in
80%
me
80%
my
80%
one
80%
out
80%
she's
80%
standing
80%
Standing
80%
sun
80%
used
80%
waiting
80%
we
80%
winds
80%
afraid
70%
Before
70%
birds
70%
by
70%
cannons
70%
clean
70%
dream
70%
dying
70%
flashing
70%
gun
70%
run
70%
so
70%
tears
70%
watch
70%
While
70%
At
60%
flying
60%
glowin'
60%
is
60%
left
60%
twenty
60%
was
60%
dark
50%
dry
50%
No matching quizzes found
Score Distribution
Percent of People with Each Score
Percentile by Number Answered
Your Score History
You have not taken this quiz